000 003780000a22001450004500
060 _a100
082 _a633.0954 YEG
100 _aYegna, Narayan Aiyer A K
245 _aField crops of India with special reference to Mysore
260 _aBangalore, Bangalore printing & Publishing co Ltd
260 _c1954
300 _a616
650 _aField crops mysore
942 _cBK
999 _c363475
_d363475